| 000 | 01192cam a2200229 4500500 | ||
|---|---|---|---|
| 005 | 20260201082525.0 | ||
| 041 | _afre | ||
| 042 | _adc | ||
| 100 | 1 | 0 |
_aHovsepian, Catherine _eauthor |
| 245 | 0 | 0 | _aÉthique et communication |
| 260 | _c2007. | ||
| 500 | _a38 | ||
| 520 | _aRésuméL’obligation faite par la loi du 4 mars 2002 de mettre en place un droit d’information du patient quant aux soins qui lui sont prodigués et l’accès direct à son dossier médical pose des questions fondamentales à l’exercice professionnel des psychologues en institution.Ce sont les rapports entre le psychologue et son patient mais aussi avec l’équipe, qui sont interrogés au regard, entre autres, du transfert, de l’éthique et de la déontologie.L’informatisation mise en place à ce propos renforce ces inquiétudes. | ||
| 690 | _adéontologie | ||
| 690 | _adossier du patient | ||
| 690 | _ainformatisation | ||
| 690 | _apsychologue en institution | ||
| 690 | _atransparence | ||
| 690 | _atravail en équipe | ||
| 786 | 0 | _nEmpan | 64 | 4 | 2007-03-22 | p. 67-70 | 1152-3336 | |
| 856 | 4 | 1 | _uhttps://shs.cairn.info/revue-empan-2006-4-page-67?lang=fr&redirect-ssocas=7080 |
| 999 |
_c1640284 _d1640284 |
||